Climate change and agriculture in India : (Record no. 95164)

MARC details
000 -LEADER
fixed length control field 00672nam a22001937a 4500
005 - DATE AND TIME OF LATEST TRANSACTION
control field 20150810123823.0
010 ## - LCCN (DPL NO)
LC control number ENG-113590
020 ## - INTERNATIONAL STANDARD BOOK NUMBER
International Standard Book Number 9780415735995
Terms of availability 895.00
035 ## - SYSTEM CONTROL NUMBER
System control number EN-97122
037 ## - SOURCE OF ACQUISITION
Source of stock number/acquisition DBAD/PUB
082 ## - DEWEY DECIMAL CLASSIFICATION NUMBER
Classification number 630.2515
245 ## - TITLE STATEMENT
Title Climate change and agriculture in India :
Statement of responsibility, etc by K. Palanisami...[et al]
Remainder of title studies from selected river basins /
260 ## - PUBLICATION, DISTRIBUTION, ETC. (IMPRINT)
Place of publication, distribution, etc New Delhi
Name of publisher, distributor, etc Routledge
Date of publication, distribution, etc 2014
270 ## - ADDRESS
Address 912 Tolstoy House, 15-17 Tolstoy Marg, Connaught Place
City New Delhi
Postal code 110001
300 ## - PHYSICAL DESCRIPTION
Extent xxii,319p.
Dimensions 23cm(Hb)
500 ## - GENERAL NOTE
General note Includes bibliographical references and index
700 ## - ADDED ENTRY--PERSONAL NAME
Personal name Palanisami, K.
942 ## - ADDED ENTRY ELEMENTS (KOHA)
Source of classification or shelving scheme Dewey Decimal Classification
Item type English Books
Call number suffix CLI
Classification part 630.2515
Holdings
Withdrawn status Lost status Not for loan Collection code Home library Current library Date acquired Source of acquisition Cost, normal purchase price Full call number Barcode Copy number Cost, replacement price Koha item type
    Not For Loan Non-fiction D.B.Act.Division D.B.Act.Division 22/07/2015 DBAD/PUB 895.00 630.2515 CLI EN-97122 1 895.00 English Books

© Delhi Public Library
Hit Counter
free hit counter